[Event "ch-RUS Blitz 2016"]
[Site "Sochi RUS"]
[Date "2016.10.04"]
[Round "8.3"]
[White "Artemiev, Vladislav"]
[Black "Dreev, Aleksey"]
[Result "1-0"]
[WhiteTitle "GM"]
[BlackTitle "GM"]
[WhiteElo "2663"]
[BlackElo "2660"]
[WhiteFideId "24101605"]
[BlackFideId "4100107"]
[EventDate "2016.10.04"]

1. e4 c6 2. d4 d5 3. exd5 cxd5 4. Bd3 Nc6 5. c3 Qc7 6. h3 g6 7. Nf3 Bg7 8. O-O
Nh6 9. Re1 O-O 10. Na3 Bf5 11. Bxh6 Bxh6 12. Bxf5 gxf5 13. Nh4 e6 14. Qh5 Qf4
15. Re3 Kh8 16. Nf3 Kg7 17. Nc2 Ne7 18. Nce1 Ng6 19. Nd3 Qd6 20. Re2 Qd8 21.
Rae1 Qf6 22. Nfe5 Rad8 23. g3 Qg5 24. Qf3 f6 25. Nxg6 hxg6 26. Nf4 Rde8 27. Rxe6
Rd8 28. Re7+ Kh8 29. h4 Qg4 30. Qxg4 fxg4 31. Nxg6+ Kg8 32. Nxf8 Bxf8 33. Rxb7
Ra8 34. Rb6 1-0

[Event "ch-RUS Blitz 2016"]
[Site "Sochi RUS"]
[Date "2016.10.04"]
[Round "8.4"]
[White "Paravyan, David"]
[Black "Andreikin, Dmitry"]
[Result "0-1"]
[WhiteTitle "IM"]
[BlackTitle "GM"]
[WhiteElo "2528"]
[BlackElo "2736"]
[WhiteFideId "4194985"]
[BlackFideId "4158814"]
[EventDate "2016.10.04"]

1. d4 d5 2. c4 c6 3. Nf3 Nf6 4. Nc3 a6 5. h3 dxc4 6. a4 e6 7. e3 c5 8. Bxc4 Nc6
9. O-O Be7 10. d5 exd5 11. Nxd5 O-O 12. e4 Be6 13. Bf4 Re8 14. Re1 Bxd5 15. Bxd5
Nxd5 16. exd5 Nb4 17. d6 Bf6 18. Rxe8+ Qxe8 19. d7 Qe6 20. Qd2 Rd8 21. Re1 Qc6
22. Qd6 h6 23. Re8+ Rxe8 24. Qxc6 Re1+ 25. Nxe1 Nxc6 26. Nd3 c4 27. Nc5 b5 28.
Nxa6 bxa4 29. Nc5 c3 30. bxc3 a3 31. Bc7 a2 32. Nb3 Kf8 33. Bd6+ Be7 34. Bc7 f6
35. Kf1 Kf7 36. Ke2 Ke6 37. d8=Q Bxd8 38. Bxd8 Nxd8 39. Kd3 Ke5 40. Kc2 Ne6 41.
g3 Nc5 42. Na1 Ne4 43. Kb3 Nxf2 44. h4 Ne4 45. Kxa2 Nxc3+ 46. Kb3 Ne2 0-1

[Event "ch-RUS Blitz 2016"]
[Site "Sochi RUS"]
[Date "2016.10.04"]
[Round "8.5"]
[White "Timofeev, Artyom"]
[Black "Matlakov, Maxim"]
[Result "0-1"]
[WhiteTitle "GM"]
[BlackTitle "GM"]
[WhiteElo "2601"]
[BlackElo "2691"]
[WhiteFideId "4140419"]
[BlackFideId "4168003"]
[EventDate "2016.10.04"]

1. c4 Nf6 2. Nc3 e6 3. e4 d5 4. e5 d4 5. exf6 dxc3 6. bxc3 Qxf6 7. Nf3 Nc6 8.
Bd3 Ne5 9. Be4 Nxf3+ 10. Bxf3 Bd6 11. O-O O-O 12. d4 c6 13. c5 Bc7 14. Re1 e5
15. d5 cxd5 16. Qxd5 Rd8 17. Qe4 Rb8 18. h4 h6 19. h5 Bf5 20. Qa4 e4 21. Bxe4
Qh4 22. g3 Bxg3 23. fxg3 Qxg3+ 24. Kf1 Re8 25. Bxh6 Bxe4 0-1

[Event "ch-RUS Blitz 2016"]
[Site "Sochi RUS"]
[Date "2016.10.04"]
[Round "8.6"]
[White "Bocharov, Dmitry"]
[Black "Chigaev, Maksim"]
[Result "1/2-1/2"]
[WhiteTitle "GM"]
[BlackTitle "IM"]
[WhiteElo "2611"]
[BlackElo "2551"]
[WhiteFideId "4138716"]
[BlackFideId "4108116"]
[EventDate "2016.10.04"]

1. d4 g6 2. e4 Bg7 3. Nc3 a6 4. h4 h6 5. Nge2 d6 6. h5 g5 7. f4 gxf4 8. Bxf4 Nc6
9. Qd2 e5 10. dxe5 dxe5 11. Qxd8+ Nxd8 12. Be3 Ne6 13. Ng3 Ne7 14. O-O-O Nd4 15.
Bc4 b5 16. Bb3 Be6 17. Rhf1 c5 18. Bxe6 fxe6 19. Kb1 Rg8 20. Nce2 Bf8 21. c3
Nxe2 22. Nxe2 Rxg2 23. Nc1 c4 24. Rf6 Bg7 25. Rxe6 Kf7 26. Rb6 Rh2 27. Bc5 Rh4
28. Ne2 Bf6 29. Bxe7 Bxe7 30. Ng3 Rd8 31. Rf1+ Rf4 32. Rc1 Rd3 33. Nf5 Rxe4 34.
Nxh6+ Ke8 35. Nf5 Re2 36. Re6 Rdd2 37. Rxe7+ Kf8 38. Rg1 Rxb2+ 39. Ka1 Rxa2+ 40.
Kb1 Rab2+ 41. Ka1 Ra2+ 42. Kb1 b4 43. Rd1 Reb2+ 44. Kc1 Rc2+ 45. Kb1 Rab2+ 46.
Ka1 Ra2+ 47. Kb1 Rcb2+ 48. Kc1 Rc2+ 1/2-1/2

[Event "ch-RUS Blitz 2016"]
[Site "Sochi RUS"]
[Date "2016.10.04"]
[Round "8.7"]
[White "Savchenko, Boris"]
[Black "Golubov, Saveliy"]
[Result "1/2-1/2"]
[WhiteTitle "GM"]
[BlackTitle "IM"]
[WhiteElo "2613"]
[BlackElo "2481"]
[WhiteFideId "4147332"]
[BlackFideId "24176729"]
[EventDate "2016.10.04"]

1. e4 c5 2. Nf3 d6 3. d4 Nf6 4. Nc3 cxd4 5. Nxd4 a6 6. Bg5 e6 7. f4 Be7 8. Qf3
h6 9. Bh4 Nbd7 10. O-O-O Qa5 11. Bc4 Qh5 12. Qxh5 Nxh5 13. Bxe7 Kxe7 14. g3 Nhf6 1/2-1/2

[Event "ch-RUS Blitz 2016"]
[Site "Sochi RUS"]
[Date "2016.10.04"]
[Round "8.8"]
[White "Khismatullin, Denis"]
[Black "Zakhartsov, Vladimir"]
[Result "1-0"]
[WhiteTitle "GM"]
[BlackTitle "IM"]
[WhiteElo "2617"]
[BlackElo "2452"]
[WhiteFideId "4142578"]
[BlackFideId "4145097"]
[EventDate "2016.10.04"]

1. d4 Nf6 2. c4 Nc6 3. Nf3 d6 4. Nc3 e5 5. d5 Ne7 6. e4 Ng6 7. h4 Bg4 8. Be2 Be7
9. g3 h6 10. Be3 O-O 11. Nd2 Qc8 12. Nf1 Bxe2 13. Qxe2 Nh7 14. h5 Nh8 15. O-O-O
f5 16. exf5 Qxf5 17. g4 Qf3 18. Qxf3 Rxf3 19. Nd2 Rff8 20. Nb5 Bd8 21. Nxa7 b6
22. Nb5 Rxa2 23. Kc2 Ra8 24. Ra1 Rc8 25. Na7 Ra8 26. Nc6 Bg5 27. Ne4 Bxe3 28.
fxe3 Ng5 29. Nxg5 hxg5 30. Kd3 Nf7 31. Ne7+ Kh7 32. Nf5 Nh6 33. Nxh6 gxh6 34.
Ke4 Kg7 35. b3 Rfe8 36. Rhf1 Red8 37. b4 Re8 38. Kd3 Red8 39. Kc3 Rdb8 40. Kd3
Re8 41. c5 bxc5 42. bxc5 dxc5 43. Kc4 Rab8 44. Ra7 Rbc8 45. d6 Red8 46. Rd1 Kf6
47. d7 Rb8 48. Rxc7 Ke7 49. Rxc5 Ke6 50. Rc6+ Ke7 51. Rxh6 1-0

[Event "ch-RUS Blitz 2016"]
[Site "Sochi RUS"]
[Date "2016.10.04"]
[Round "8.9"]
[White "Evdokimov, Alexander A."]
[Black "Bologan, Victor"]
[Result "0-1"]
[WhiteTitle "GM"]
[BlackTitle "GM"]
[WhiteElo "2495"]
[BlackElo "2640"]
[WhiteFideId "4139275"]
[BlackFideId "13900048"]
[EventDate "2016.10.04"]

1. d4 Nf6 2. c4 e6 3. Nf3 Nc6 4. g3 Bb4+ 5. Bd2 Qe7 6. Bg2 Bxd2+ 7. Nbxd2 O-O 8.
O-O d6 9. e4 a5 10. e5 dxe5 11. dxe5 Nd7 12. Re1 a4 13. Qc2 Ra5 14. Qc3 Qb4 15.
Qxb4 Nxb4 16. Re2 Nd3 17. Rb1 N7xe5 18. Nxe5 Rxe5 19. Be4 Rd8 20. Nf3 Rxe4 21.
Rxe4 Nc5 22. Rd4 Re8 23. Rbd1 Kf8 24. Rd8 Ke7 25. Rxe8+ Kxe8 26. Kf1 f6 27. Nd4
c6 28. f4 Ke7 29. Nf3 Bd7 30. Kf2 Be8 31. Ke3 Bg6 32. Nd2 Bc2 33. Rc1 Bf5 34. b3
a3 35. Rc3 Na6 36. Kf2 Nb4 37. Rc1 Nd3+ 38. Kf3 Nxc1 39. g4 Bc2 40. Ke3 Bd1 41.
f5 Nxb3 0-1

[Event "ch-RUS Blitz 2016"]
[Site "Sochi RUS"]
[Date "2016.10.04"]
[Round "8.10"]
[White "Romanov, Evgeny"]
[Black "Riazantsev, Alexander"]
[Result "1-0"]
[WhiteTitle "GM"]
[BlackTitle "GM"]
[WhiteElo "2619"]
[BlackElo "2651"]
[WhiteFideId "4148843"]
[BlackFideId "4125029"]
[EventDate "2016.10.04"]

1. d4 Nf6 2. Nf3 e6 3. Bf4 b6 4. e3 Bb7 5. Bd3 g6 6. c4 Bg7 7. Nc3 O-O 8. Qe2 c5
9. dxc5 bxc5 10. Bd6 Re8 11. Bxc5 Qa5 12. b4 Qc7 13. Nb5 Qd8 14. Nd6 Bxf3 15.
Qxf3 Nc6 16. Nxe8 Nxe8 17. Rc1 d6 18. Qxc6 dxc5 19. Be2 cxb4 20. O-O Rc8 21. Qa6
Qc7 22. c5 Bc3 23. a3 Bb2 24. axb4 Bxc1 25. Rxc1 Nf6 26. Bf3 Rd8 27. g3 Rd2 28.
c6 Rb2 29. Qb7 Ne8 30. Qxc7 Nxc7 31. Rd1 Rc2 32. Rd7 Nd5 33. b5 Rc1+ 34. Kg2 Rc5
35. Bxd5 exd5 36. Rxa7 1-0

[Event "ch-RUS Blitz 2016"]
[Site "Sochi RUS"]
[Date "2016.10.04"]
[Round "8.11"]
[White "Matinian, Nikita"]
[Black "Khairullin, Ildar"]
[Result "1-0"]
[WhiteTitle "IM"]
[BlackTitle "GM"]
[WhiteElo "2495"]
[BlackElo "2630"]
[WhiteFideId "24129100"]
[BlackFideId "4151348"]
[EventDate "2016.10.04"]

1. Nf3 Nf6 2. b3 d5 3. Bb2 Bf5 4. e3 e6 5. c4 c6 6. Nc3 h6 7. Be2 Bd6 8. O-O O-O
9. Rc1 a6 10. d3 Re8 11. h3 e5 12. cxd5 cxd5 13. e4 dxe4 14. dxe4 Nxe4 15. Nxe4
Bxe4 16. Nxe5 Nc6 17. Nxc6 Bxc6 18. Bf3 Bxf3 19. Qxf3 Qe7 20. Qg4 Be5 21. Rfe1
Qf6 22. Bxe5 Rxe5 23. Rc8+ Rxc8 24. Qxc8+ Kh7 25. Rxe5 Qxe5 26. Qxb7 Qe1+ 27.
Kh2 Qxf2 28. Qxa6 Qf4+ 29. Kg1 Qe3+ 30. Kf1 Qc1+ 31. Kf2 Qf4+ 32. Ke2 Qe4+ 33.
Kf2 Qf4+ 34. Ke2 Qe4+ 35. Kf1 Qf4+ 36. Ke1 Qc1+ 37. Ke2 Qc2+ 38. Kf3 Qf5+ 39.
Ke3 Qg5+ 40. Kd4 Qxg2 41. Qd3+ g6 42. a4 Qf2+ 43. Kc4 Qb6 44. Qd5 Qc7+ 45. Kd3
h5 46. a5 Qg3+ 47. Kc2 Qf2+ 48. Kc3 Qe3+ 49. Kb4 Qxh3 50. Qxf7+ Kh6 51. Qf4+ Kh7
52. a6 Qd7 53. Qe4 Qd6+ 54. Kb5 Qd7+ 55. Kb6 Qd6+ 56. Kb7 Qd7+ 57. Kb6 Qd6+ 58.
Kb5 Qd7+ 59. Ka5 Qc7+ 60. Kb5 Qd7+ 61. Kb6 Qd6+ 62. Kb5 Qd7+ 63. Kc5 Qa7+ 64.
Kb5 Qd7+ 65. Qc6 Qd3+ 66. Ka4 Qd4+ 67. b4 Qa1+ 68. Kb5 Qe5+ 69. Kb6 Qd4+ 70. Qc5
Qf6+ 71. Kb7 Qf3+ 72. Qc6 Qf4 73. Qc7+ 1-0

[Event "ch-RUS Blitz 2016"]
[Site "Sochi RUS"]
[Date "2016.10.04"]
[Round "8.12"]
[White "Hasangatin, Ramil"]
[Black "Alekseev, Evgeny"]
[Result "0-1"]
[WhiteTitle "GM"]
[BlackTitle "GM"]
[WhiteElo "2505"]
[BlackElo "2636"]
[WhiteFideId "4122160"]
[BlackFideId "4138147"]
[EventDate "2016.10.04"]

1. Nf3 d5 2. g3 c6 3. Bg2 Bf5 4. d3 h6 5. Nbd2 Nf6 6. O-O e6 7. Qe1 Bh7 8. e4
Be7 9. Qe2 O-O 10. Re1 a5 11. a4 Na6 12. Nb3 dxe4 13. dxe4 Bxe4 14. Be3 Nb4 15.
Red1 Qc8 16. c3 Nc2 17. Rac1 Nxe3 18. Qxe3 Qc7 19. Rd4 Bd5 20. c4 Bxf3 21. Bxf3
Rfd8 22. c5 Nd5 23. Bxd5 exd5 24. Rg4 h5 25. Rd4 Bf6 26. Rd2 Re8 27. Qf3 Bg5 28.
Qxh5 Bxd2 29. Nxd2 Qe5 30. Qh4 Qxb2 31. Rd1 Qc2 32. Qg4 Re6 33. Nf1 Rae8 34. Ne3
Qe4 35. Qh5 Qg6 36. Qh4 Re4 37. Qh3 Rxe3 38. fxe3 Qe4 39. Rf1 Qxe3+ 0-1

[Event "ch-RUS Blitz 2016"]
[Site "Sochi RUS"]
[Date "2016.10.04"]
[Round "8.13"]
[White "Bryzgalin, Kirill"]
[Black "Sakaev, Konstantin"]
[Result "1-0"]
[WhiteTitle "GM"]
[BlackTitle "GM"]
[WhiteElo "2424"]
[BlackElo "2594"]
[WhiteFideId "4133285"]
[BlackFideId "4104226"]
[EventDate "2016.10.04"]

1. d4 Nf6 2. Nf3 e6 3. Bg5 h6 4. Bh4 d6 5. Nbd2 g5 6. Bg3 Nh5 7. e4 Bg7 8. c3
Qe7 9. Bd3 Nd7 10. Ng1 Nxg3 11. hxg3 Nf6 12. Ne2 Bd7 13. a4 O-O 14. a5 c5 15.
O-O Bc6 16. Re1 b5 17. a6 Rab8 18. Nc1 Qc7 19. Bc2 Qb6 20. Ndb3 Rfd8 21. Qe2
Rbc8 22. Qe3 c4 23. Nd2 e5 24. d5 Qxe3 25. Rxe3 Bd7 26. Na2 Rb8 27. Nb4 Rb6 28.
Ree1 g4 29. Nf1 h5 30. Ne3 Bh6 31. Nf5 Bxf5 32. exf5 Rc8 33. Re2 Rc7 34. Rae1
Kg7 35. f3 Rc5 36. Rd1 Rc7 37. Kf2 Bg5 38. Rh1 Bh6 39. Ke1 Bg5 40. Kd1 Rb8 41.
Be4 Rb6 42. Kc2 Rb8 43. Ra1 Rb6 44. b3 cxb3+ 45. Kxb3 Nd7 46. Rea2 Nc5+ 47. Kc2
Na4 48. Ra3 Be3 49. Kd3 Bf2 50. Rh1 Bxg3 51. Rxh5 Be1 52. Nc6 gxf3 53. gxf3 Nb2+
54. Ke2 Nc4 55. Rb3 Bd2 56. Bd3 Rxa6 57. Rxb5 Na3 58. Rb3 Raxc6 59. dxc6 Bc1 60.
Rh1 1-0

[Event "ch-RUS Blitz 2016"]
[Site "Sochi RUS"]
[Date "2016.10.04"]
[Round "8.14"]
[White "Pridorozhni, Aleksei"]
[Black "Ivanov, Alexander Al."]
[Result "1-0"]
[WhiteTitle "GM"]
[BlackTitle "GM"]
[WhiteElo "2579"]
[BlackElo "2400"]
[WhiteFideId "4127870"]
[BlackFideId "4126360"]
[EventDate "2016.10.04"]

1. e4 d6 2. d4 Nf6 3. f3 e5 4. d5 Be7 5. c4 O-O 6. Nc3 c5 7. Be3 b6 8. Nge2 h6
9. Qd2 a6 10. Ng3 Nh7 11. Nf5 Bxf5 12. exf5 Bg5 13. Ne4 Bxe3 14. Qxe3 Ng5 15.
Nf2 Nd7 16. h4 Nh7 17. g4 Rb8 18. a4 Re8 19. b3 Ndf6 20. g5 Nh5 21. gxh6 Ng3 22.
Rg1 Nxf5 23. Qd2 Qxh4 24. Rh1 Qd4 25. O-O-O Qxd2+ 26. Rxd2 Nxh6 27. Ne4 Rbd8 28.
Rg2 Kh8 29. Rgh2 f5 30. Ng3 Rf8 31. Bd3 Ng5 32. Nxf5 Rxf5 33. Bxf5 Nxf3 34. Rh3
Nd4 35. Bg6 Rf8 36. R1h2 Rf6 37. Rg2 Kg8 38. Kb2 Kf8 39. Bd3 Kf7 40. Rhg3 Nhf5
41. Bxf5 Nxf5 42. Rh3 Nh6 43. a5 bxa5 44. Ka3 Rf1 45. Ra2 Nf5 46. Ka4 e4 47.
Kxa5 Kf6 48. Kb6 Ke5 49. Kc7 g5 50. Rg2 Kf4 51. Rh7 g4 52. Rf7 g3 53. b4 cxb4
54. c5 dxc5 55. d6 Rd1 56. d7 Kf3 57. Rc2 Kg4 58. Rxc5 Ne3 59. Rc6 Nd5+ 60. Kc8
Nf4 61. Rcf6 Nh5 62. Rg6+ Kh4 63. Rf5 e3 64. Rh6 e2 65. Rfxh5+ Kg4 66. Re5 Kf3
67. Rf6+ Kg4 68. Rxe2 1-0

[Event "ch-RUS Blitz 2016"]
[Site "Sochi RUS"]
[Date "2016.10.04"]
[Round "8.15"]
[White "Moiseenko, Vadim"]
[Black "Moskalenko, Alexander"]
[Result "0-1"]
[WhiteTitle "IM"]
[BlackTitle "IM"]
[WhiteElo "2528"]
[BlackElo "2490"]
[WhiteFideId "4123700"]
[BlackFideId "4155351"]
[EventDate "2016.10.04"]

1. e4 d5 2. exd5 Nf6 3. d4 Bg4 4. Nf3 Qxd5 5. Be3 e6 6. Be2 Nc6 7. O-O O-O-O 8.
c3 h5 9. Ng5 e5 10. c4 Qd7 11. d5 Bxe2 12. Qxe2 Nd4 13. Qd3 Bc5 14. Nc3 a6 15.
Rab1 c6 16. b4 Ba7 17. b5 cxd5 18. b6 Bb8 19. cxd5 Bd6 20. Bxd4 exd4 21. Qxd4
Rhe8 22. h3 Kb8 23. Rfe1 Rc8 24. Nce4 Be5 25. Qd3 Nxd5 26. Rbd1 Red8 27. Nc5
Rxc5 28. Rxe5 f6 29. Ne6 fxe5 30. Nxc5 Qc6 31. Ne4 Rd7 32. Qf3 Nxb6 33. Rb1 Nd5
34. Qxh5 Nc7 35. Qxe5 Ka8 36. Qf4 Nd5 37. Qf8+ Ka7 38. Qc5+ Qxc5 39. Nxc5 Rc7
40. Nd3 Nc3 41. Rb2 Rd7 42. Ne5 Rd5 43. f4 b5 44. g4 Kb6 45. h4 a5 46. h5 b4 47.
g5 Rd4 48. h6 gxh6 49. g6 Nd5 50. g7 Nf6 51. Rg2 Ng8 52. f5 Rf4 53. Rg6+ Kb5 54.
f6 Rxf6 55. Rxf6 Nxf6 56. Nf7 Ng8 57. Kf2 a4 58. Ke2 b3 59. Nd6+ Kb4 60. a3+
Kxa3 61. Kd2 Ka2 62. Nc4 b2 0-1

[Event "ch-RUS Blitz 2016"]
[Site "Sochi RUS"]
[Date "2016.10.04"]
[Round "8.16"]
[White "Gochelashvili, David"]
[Black "Grachev, Boris"]
[Result "0-1"]
[WhiteTitle "IM"]
[BlackTitle "GM"]
[WhiteElo "2425"]
[BlackElo "2628"]
[WhiteFideId "4161203"]
[BlackFideId "4129199"]
[EventDate "2016.10.04"]

1. e4 c5 2. Nf3 Nc6 3. Bb5 g6 4. O-O Bg7 5. Re1 Nf6 6. e5 Nd5 7. Nc3 Nc7 8. Bxc6
dxc6 9. Ne4 b6 10. Nf6+ Kf8 11. Ne4 h6 12. d3 Be6 13. h3 g5 14. Ng3 g4 15. hxg4
Bxg4 16. Nf1 Ne6 17. N1h2 h5 18. Nxg4 hxg4 19. Ng5 Nxg5 20. Bxg5 g3 21. Re4
gxf2+ 22. Kxf2 Qd5 23. Bf4 f5 24. exf6 Bxf6 25. c3 Rd8 26. Qf3 Qxd3 27. Qxd3
Rxd3 28. Ke2 Rd5 29. g4 Kf7 30. Rg1 e5 31. Bg3 Kg6 32. Re3 Rhd8 33. Kf3 Rd2 34.
Bxe5 Bg5 35. Re2 R8d3+ 36. Ke4 Rxe2+ 0-1

[Event "ch-RUS Blitz 2016"]
[Site "Sochi RUS"]
[Date "2016.10.04"]
[Round "8.17"]
[White "Lugovskoy, Maxim"]
[Black "Popov, Ivan RUS"]
[Result "1-0"]
[WhiteTitle "IM"]
[BlackTitle "GM"]
[WhiteElo "2436"]
[BlackElo "2596"]
[WhiteFideId "24126454"]
[BlackFideId "4170350"]
[EventDate "2016.10.04"]

1. d4 Nf6 2. Nc3 d5 3. Bf4 c6 4. e3 g6 5. h4 Bg7 6. h5 Nxh5 7. Rxh5 gxh5 8. Qxh5
Nd7 9. Nf3 Nf6 10. Qh2 Bf5 11. O-O-O Ne4 12. Nh4 Qd7 13. Nxe4 Bxe4 14. f3 Bg6
15. g4 O-O-O 16. Qd2 f6 17. Qa5 e5 18. dxe5 fxe5 19. Bg5 Rdf8 20. Qxa7 Qc7 21.
Nxg6 hxg6 22. Bd3 Bf6 23. Bxf6 Rxf6 24. a4 Re8 25. Rh1 c5 26. Bb5 Rd8 27. a5 c4
28. g5 Rfd6 29. Kb1 d4 30. a6 Rb6 31. Bxc4 dxe3 32. Qa8+ Qb8 33. axb7+ Rxb7 34.
Be6+ Kc7 35. Rh7+ Kb6 36. Rxb7+ Qxb7 37. Qxd8+ 1-0

[Event "ch-RUS Blitz 2016"]
[Site "Sochi RUS"]
[Date "2016.10.04"]
[Round "8.18"]
[White "Domogaev, Sergey"]
[Black "Shaposhnikov, Evgeny"]
[Result "0-1"]
[WhiteTitle "GM"]
[BlackTitle "GM"]
[WhiteElo "2435"]
[BlackElo "2557"]
[WhiteFideId "24103608"]
[BlackFideId "4122232"]
[EventDate "2016.10.04"]

1. d4 Nf6 2. c4 e6 3. Nf3 b6 4. Bg5 Bb4+ 5. Nc3 h6 6. Bh4 Bb7 7. Nd2 Bxc3 8.
bxc3 d6 9. f3 e5 10. e4 Nc6 11. Bf2 O-O 12. Bd3 Ne7 13. O-O c5 14. d5 Nh7 15.
Qc2 Bc8 16. a4 Bd7 17. Rfe1 g6 18. Be3 Kg7 19. f4 f6 20. Nf3 Bg4 21. Rf1 exf4
22. Bxf4 Ng5 23. Nxg5 hxg5 24. Bg3 f5 25. Rae1 f4 26. Bf2 Qc7 27. h4 Rh8 28.
hxg5 f3 29. Bg3 fxg2 30. Qxg2 Bh3 31. Qd2 Bxf1 32. Bxf1 Raf8 33. e5 Nf5 34. exd6
Qd8 35. Be5+ Kg8 36. Bxh8 Kxh8 37. Qh2+ Kg8 38. Qf4 Nd4 39. Qe3 Nf3+ 40. Kf2
Nxe1+ 41. Kxe1 Re8 0-1

[Event "ch-RUS Blitz 2016"]
[Site "Sochi RUS"]
[Date "2016.10.04"]
[Round "8.19"]
[White "Gabrielian, Artur"]
[Black "Vastrukhin, Oleg"]
[Result "0-1"]
[WhiteTitle "GM"]
[WhiteElo "2524"]
[BlackElo "2392"]
[WhiteFideId "4131002"]
[BlackFideId "4192770"]
[EventDate "2016.10.04"]

1. e4 e6 2. d4 d5 3. Nc3 Bb4 4. e5 c5 5. a3 Bxc3+ 6. bxc3 Nc6 7. Qg4 g6 8. h4
Qa5 9. Bd2 Qa4 10. Ra2 Nxe5 11. Qg3 Nc6 12. dxc5 Nf6 13. Bd3 Ne4 14. Bxe4 Qxe4+
15. Ne2 e5 16. Rb2 h5 17. f3 Qa4 18. Rb3 Be6 19. O-O O-O-O 20. Bg5 Rd7 21. Bf6
Re8 22. Bxe5 d4 23. Nxd4 Nxd4 24. cxd4 Bxb3 25. cxb3 Qxb3 26. Qf4 Re6 27. Rc1
Qxa3 28. Kh2 Qa4 29. Qh6 Rxe5 30. Qh8+ Rd8 31. Qxe5 Qxd4 32. Qg5 Rd5 33. Qg3
Rxc5 34. Re1 Rc6 35. Re8+ Kd7 36. Rb8 Rb6 37. Qh3+ f5 38. Rg8 Qd6+ 39. Qg3 Qxg3+
40. Kxg3 a5 41. Rg7+ Kc8 42. Rg8+ Kc7 43. Rg7+ Kb8 44. Re7 a4 45. Re3 Ra6 46.
Kf4 a3 0-1

[Event "ch-RUS Blitz 2016"]
[Site "Sochi RUS"]
[Date "2016.10.04"]
[Round "8.20"]
[White "Kryakvin, Dmitry"]
[Black "Shcherbin, Matvei"]
[Result "1-0"]
[WhiteTitle "GM"]
[BlackTitle "IM"]
[WhiteElo "2554"]
[BlackElo "2366"]
[WhiteFideId "4153278"]
[BlackFideId "24125164"]
[EventDate "2016.10.04"]

1. Nf3 d5 2. d4 Nf6 3. c4 c6 4. Nc3 e6 5. Bg5 Be7 6. cxd5 exd5 7. Qc2 O-O 8. e3
Be6 9. Bd3 Nbd7 10. O-O Re8 11. Ne5 h6 12. Bf4 Nxe5 13. Bxe5 Bd6 14. f4 Ng4 15.
Qe2 f5 16. Rae1 Nf6 17. Qc2 Ne4 18. Nxe4 dxe4 19. Bc4 Qd7 20. Rc1 Rac8 21. Qb3
Bxc4 22. Rxc4 Kh7 23. Bxd6 Qxd6 24. Rc5 Qd7 25. Rfc1 Rf8 26. Qa4 Rcd8 27. a3 a6
28. Re5 Qf7 29. Qb4 Rd7 30. h3 Rfd8 31. Rcc5 Rd5 32. Rcxd5 Rxd5 33. Re7 Qg6 34.
Rxb7 Qg3 35. Qd2 c5 36. Qf2 Qxf2+ 37. Kxf2 cxd4 38. exd4 Rxd4 39. Ke2 Rd3 40.
Rb6 Rg3 41. Kf2 Rg6 42. Rxg6 Kxg6 43. g4 fxg4 44. hxg4 h5 45. gxh5+ Kxh5 46. Ke3 1-0

[Event "ch-RUS Blitz 2016"]
[Site "Sochi RUS"]
[Date "2016.10.04"]
[Round "9.2"]
[White "Matlakov, Maxim"]
[Black "Artemiev, Vladislav"]
[Result "0-1"]
[WhiteTitle "GM"]
[BlackTitle "GM"]
[WhiteElo "2691"]
[BlackElo "2663"]
[WhiteFideId "4168003"]
[BlackFideId "24101605"]
[EventDate "2016.10.04"]

1. Nf3 d5 2. g3 g6 3. Bg2 Bg7 4. d4 Nf6 5. O-O O-O 6. c4 c6 7. b3 Bf5 8. Bb2
Nbd7 9. cxd5 cxd5 10. Nc3 Rc8 11. Rc1 Qa5 12. Qd2 Qa6 13. Nh4 Be6 14. f4 Nb6 15.
f5 Bd7 16. h3 Ne4 17. Nxe4 dxe4 18. Rxc8 Nxc8 19. Bxe4 Qxa2 20. Bd5 Qa6 21. e4
Qd6 22. Kh2 Nb6 23. Bxb7 Qb8 24. Ba6 Nc8 25. Bc4 Nd6 26. Bd5 e6 27. fxe6 fxe6
28. Rxf8+ Bxf8 29. Bc4 Nxe4 30. Qe3 Nxg3 31. Kg2 Nh5 32. d5 Nf4+ 33. Kh1 exd5
34. Qd4 dxc4 35. Qh8+ Kf7 36. Qf6+ Ke8 37. Be5 Qb7+ 38. Kh2 Nd3 39. Nf3 Qe4 40.
Bc7 Qe7 41. Qd4 cxb3 42. Qxd3 Bc6 43. Bg3 Qe4 44. Qxb3 Qxf3 45. Qe6+ Kd8 46.
Bh4+ Kc7 47. Bg3+ Kb7 0-1

[Event "ch-RUS Blitz 2016"]
[Site "Sochi RUS"]
[Date "2016.10.04"]
[Round "9.3"]
[White "Khismatullin, Denis"]
[Black "Andreikin, Dmitry"]
[Result "1/2-1/2"]
[WhiteTitle "GM"]
[BlackTitle "GM"]
[WhiteElo "2617"]
[BlackElo "2736"]
[WhiteFideId "4142578"]
[BlackFideId "4158814"]
[EventDate "2016.10.04"]

1. Nf3 Nf6 2. g3 b5 3. Bg2 Bb7 4. O-O e6 5. d3 d5 6. c4 a6 7. cxd5 exd5 8. d4
Be7 9. b3 O-O 10. Bb2 Nbd7 11. Nc3 Bd6 12. e3 Qe7 13. Rc1 Rfe8 14. a4 b4 15. Ne2
a5 16. Nf4 Ne4 17. Re1 c6 18. Re2 Rac8 19. Rec2 Ndf6 20. Nd3 Rc7 21. Nfe5 Rec8
22. Bh3 Qe8 23. Bxc8 Rxc8 24. f3 Ng5 25. Nc5 Ba8 26. h4 Ne6 27. Ncd3 Bb7 28. Kg2
h6 29. Qd2 Rc7 30. Qd1 Nh7 31. Nf2 f6 32. Ned3 Nhf8 33. Qh1 Ba6 34. Qh3 Qg6 35.
h5 Qe8 36. f4 Bc8 37. g4 Nd8 38. Qf3 Re7 39. Re1 Ba6 40. Nc5 Bxc5 41. Rxc5 Nb7
42. Rc2 Nd6 43. Rc5 Nb7 44. Rc2 Nd6 45. Rc5 Nb7 46. Rc2 Nd6 47. Rc5 1/2-1/2

[Event "ch-RUS Blitz 2016"]
[Site "Sochi RUS"]
[Date "2016.10.04"]
[Round "9.4"]
[White "Bologan, Victor"]
[Black "Morozevich, Alexander"]
[Result "0-1"]
[WhiteTitle "GM"]
[BlackTitle "GM"]
[WhiteElo "2640"]
[BlackElo "2683"]
[WhiteFideId "13900048"]
[BlackFideId "4116992"]
[EventDate "2016.10.04"]

1. e4 c5 2. Nf3 g6 3. c3 d5 4. exd5 Qxd5 5. d4 Bg7 6. Be2 Nf6 7. c4 Qd8 8. d5 b5
9. O-O O-O 10. a3 bxc4 11. Bxc4 Nbd7 12. Nc3 Nb6 13. Qb3 Nxc4 14. Qxc4 Qb6 15.
Re1 Ba6 16. Qh4 Rfe8 17. Ne5 Bb7 18. Nc4 Qa6 19. Rd1 Rad8 20. Ne3 e6 21. dxe6
Rxd1+ 22. Nexd1 Qxe6 23. Be3 Ng4 24. h3 Nxe3 25. Nxe3 Bd4 26. Re1 Qb3 27. Re2 h5
28. Qg5 Re5 29. Qd8+ Kg7 30. Qc7 Ba6 31. Re1 Qxb2 32. Ncd1 0-1

[Event "ch-RUS Blitz 2016"]
[Site "Sochi RUS"]
[Date "2016.10.04"]
[Round "9.5"]
[White "Bocharov, Dmitry"]
[Black "Pridorozhni, Aleksei"]
[Result "0-1"]
[WhiteTitle "GM"]
[BlackTitle "GM"]
[WhiteElo "2611"]
[BlackElo "2579"]
[WhiteFideId "4138716"]
[BlackFideId "4127870"]
[EventDate "2016.10.04"]

1. d4 d6 2. g3 e5 3. Bg2 Nc6 4. dxe5 dxe5 5. Qxd8+ Nxd8 6. Nc3 c6 7. f4 Ne6 8.
Nf3 exf4 9. gxf4 Nf6 10. e4 Bb4 11. O-O O-O 12. e5 Ng4 13. Ne4 f5 14. exf6 Nxf6
15. Nxf6+ Rxf6 16. Ne5 Bc5+ 17. Kh1 Nc7 18. Bd2 Bf5 19. c4 Bd4 20. Ba5 Ne6 21.
Rad1 Bxb2 22. Rd7 Nxf4 23. Nxc6 bxc6 24. Rxf4 Bxd7 0-1